Korupce /

Hlavní autor: Dufková, Ivana
Korporativní autor: Střední policejní škola Ministerstva vnitra (Praha, Česko). Středisko pro výchovu k lidským právům a profesní etiku
Další autoři: Zlámal, Jiří
Jazyk: Čeština
Vydáno: Praha : [Střední policejní škola Ministerstva vnitra], 2005
Témata:
Fyzický popis: 69 s. ; 21 cm
Knihy
Uloženo v:
LEADER 01522nam a2200385 a 4500
001 nkc20051573551
003 CZ PrNK
005 20051027102055.0
007 ta
008 050627s2005 xr f f 000 0 cze
015 |a cnb001573551 
020 |a 80-239-5687-6  |q (v knize neuvedeno :  |q brož.) 
035 |a (OCoLC)85157192 
040 |a BOA001  |b cze  |d ABA001 
072 7 |a 343  |x Trestní právo  |2 Konspekt  |9 16 
080 |a 343.35  |2 MRF 
080 |a (036)  |2 MRF 
100 1 |a Dufková, Ivana  |7 jn20001227647  |4 aut 
245 1 0 |a Korupce /  |c Ivana Dufková, Jiří Zlámal 
260 |a Praha :  |b [Střední policejní škola Ministerstva vnitra],  |c 2005 
300 |a 69 s. ;  |c 21 cm 
500 |a Název z obálky 
500 |a Nad názvem: Střední policejní škola Ministerstva vnitra, Středisko pro výchovu k lidským právům a profesní etiku 
504 |a Obsahuje bibliografii a bibliografické odkazy 
650 0 7 |a korupce  |7 ph121881  |2 czenas 
650 0 9 |a corrupt practices  |2 eczenas 
655 7 |a informační publikace  |7 fd132454  |2 czenas 
655 9 |a information publications  |2 eczenas 
700 1 |a Zlámal, Jiří  |7 jn20001227648  |4 aut 
710 2 |a Střední policejní škola Ministerstva vnitra (Praha, Česko).  |b Středisko pro výchovu k lidským právům a profesní etiku  |7 xx0034630 
910 2 |a BOA001  |b 2-1154.913 
990 |a BK 
995 |a 01 
991 |b 200508  |c NOV 
996 6 |b 2610254986  |c 2-1154.913  |l MZK  |r Sklad / do 1 hodiny  |n 39  |p p.v. ; nelze digi.  |w 000780546  |u 000010  |a 1  |e BOA001  |j MZK50  |s P